| 000 | 00606nam a22002297a 4500 | ||
|---|---|---|---|
| 005 | 20170124110245.0 | ||
| 010 | _aA-048535 | ||
| 020 | _c00.00 | ||
| 035 | _aA-048535 | ||
| 037 | _bCen Lib/Ret | ||
| 040 |
_aDPL _bHN |
||
| 082 |
_a623.4 _bMOO |
||
| 100 |
_aMoore, Patrick _923647 |
||
| 245 |
_aGuide to mars _cby Patrick Moore |
||
| 260 |
_aNew York _bNorton _c1978 |
||
| 270 | _bNew York | ||
| 300 |
_a196p. _c21cm(Hb) |
||
| 500 | _aIncludes appendix and index | ||
| 650 |
_aMars (Planet) _997341 |
||
| 650 |
_a Mars (Planète) _x _997342 |
||
| 942 |
_2ddc _cEN _h623.4 _mMOO |
||
| 999 |
_c135479 _d135479 |
||